Geography Quiz

Random Geography or World Quiz

8-Letter Geography Alphabet Blitz Quiz Stats

 Plays Quiz Updated Jul 2, 2018

Challenge
Share
Tweet
Embed
Score 0/19 Timer 06:00
1 Play Today
Letter Country/Capital % Correct
BBarbados, Belgrade, Belmopan, Botswana, Brasília, Brussels, Budapest, Bulgaria
86.3%
CCambodia, Cameroon, Canberra, Cape Town, Castries, Chisinau, Colombia
85.7%
PPakistan, Paraguay, Portugal, Port Vila, Pretoria, Pristina
85%
ZZimbabwe
84.2%
DDamascus, Djibouti, Dominica, Dushanbe
75.4%
HHelsinki, Honduras
73.1%
SSantiago, Sarajevo, Slovakia, Slovenia, Sri Lanka, Suriname
73.1%
TTanzania, Tashkent, Thailand
70.1%
MMalaysia, Maldives, Melekeok*, Mongolia, Monrovia
69.8%
EEthiopia, eSwatini
67.5%
Letter Country/Capital % Correct
KKhartoum, Kingston, Kinshasa, Kiribati
62.4%
FFreetown, Funafuti
43.4%
AAbu Dhabi, Ashgabat, Asunción
31.8%
VValletta, Victoria
30.6%
WWindhoek
29.9%
NN'Djamena, New Delhi
25.8%
GGaborone
22.4%
LLilongwe
21%
RRamallah
13.6%

You're not logged in!

Compare scores with friends on all Sporcle quizzes.
Join for Free
OR
Log In

You Might Also Like...

Show Comments

Extras

Top Quizzes Today


Score Distribution

Your Account Isn't Verified!

In order to create a playlist on Sporcle, you need to verify the email address you used during registration. Go to your Sporcle Settings to finish the process.

Report this User

Report this user for behavior that violates our Community Guidelines.

Details: